000 00692nam a22002057a 4500
999 _c13994
_d13994
003 AR-CdUCM
008 190417b ||||| |||| 00| 0 spa d
040 _aMUNICIPALIDAD PROVINCIAL DEL CUSCO
_cBIBLIOTECA MUNICIPAL DEL CUSCO
082 _a738 /
_bH17
110 _aRepública de China
_932647
245 _aHallazgos arqueológicos en la nueva China /
260 _aChina :
_bRepública de China,
_c1972.
300 _a217 paginas ;
_bIlustraciones,
_c32 cm.
505 _aContenido : Ilustraciones de Cerámica
650 _aCerámica China
_932648
650 _aSimbologia y ritual
_95935
650 _aRepública de China
_932649
942 _2ddc
_cLIBROS
945 _awnts
_d2019-04-17